| 000 | 00493nam a2200181Ia 4500 | ||
|---|---|---|---|
| 005 | 20250317123305.0 | ||
| 008 | 008 250317s9999 xx 000 0 eng d | ||
| 037 | _aTextbook | ||
| 040 |
_aFMSL _beng _cFMSL |
||
| 041 |
_aeng _2eng |
||
| 084 |
_aB2893P K4 _qFMSL |
||
| 100 | _aLoomba N P | ||
| 245 | 0 | _aLinear programming | |
| 260 |
_aNew Delhi _bNew Delhi, Tata McGraw-Hill _c1964 |
||
| 300 | _a284p | ||
| 942 |
_cTB _hB2893P K4 |
||
| 999 |
_c1250670 _d1250670 |
||